Historia sagrada y principios de moral al alcance de los niños de las escuelas de instrucción primaria / (Record no. 162446)
[ view plain ]
| 000 -LEADER | |
|---|---|
| campo de control de longitud fija | 00926nam a22002295i 4500 |
| 001 - NÚMERO DE CONTROL | |
| campo de control | 162446 |
| 003 - IDENTIFICADOR DE NÚMERO DE CONTROL | |
| campo de control | ES-MaACL |
| 005 - FECHA Y HORA DE LA ÚLTIMA TRANSACCIÓN | |
| campo de control | 20250717103727.0 |
| 008 - DATOS DE LONGITUD FIJA--INFORMACIÓN GENERAL | |
| campo de control de longitud fija | 041110e1856 sp |||| | spa d |
| 040 ## - FUENTE DE CATALOGACIÓN | |
| Centro catalogador/agencia de origen | CAM |
| Lengua de catalogación | spa |
| Centro/agencia transcriptor | CAM |
| 080 ## - NÚMERO DE LA CLASIFICACIÓN DECIMAL UNIVERSAL | |
| Número de la Clasificación Decimal Universal | 087.5:27-236.5 |
| 100 1# - ENTRADA PRINCIPAL--NOMBRE DE PERSONA | |
| Nombre de persona | Ponz, Carlos |
| Término indicativo de función/relación | Autor |
| 9 (RLIN) | 131277 |
| 245 10 - MENCIÓN DEL TÍTULO | |
| Título | Historia sagrada y principios de moral al alcance de los niños de las escuelas de instrucción primaria / |
| Mención de responsabilidad, etc. | por Carlos Ponz. |
| 250 ## - MENCION DE EDICION | |
| Mención de edición | 1ª ed. |
| 260 ## - PUBLICACIÓN, DISTRIBUCIÓN, ETC. | |
| Lugar de publicación, distribución, etc. | Tarragona : |
| Nombre del editor, distribuidor, etc. | [s.n.], |
| Fecha de publicación, distribución, etc. | 1856 |
| Fabricante | (Imp. de José Antonio Nel-lo) |
| 300 ## - DESCRIPCIÓN FÍSICA | |
| Extensión | 102 páginas ; |
| Dimensiones | 15 cm. |
| 650 #7 - PUNTO DE ACCESO ADICIONAL DE MATERIA--TÉRMINO DE MATERIA | |
| Término de materia o nombre geográfico como elemento de entrada | Historia sagrada |
| Fuente del encabezamiento o término | embne |
| 9 (RLIN) | 13427 |
| 852 ## - LOCALIZACIÓN | |
| Ubicación | ES-MaACL |
| Ubicación en estantería | Depósito folletos |
| Partes que faltan | Ejemplar falto de cub. original |
| Anotaciones manuscritas | Dedicatoria ms. del autor a Laureano Figuerola, diputado a Cortes |
| Donativo/Legado | Donativo Bosch |
| Número de control de estantería | T-1296-F-3 |
| Encuadernación | Holandesa |
| -- | Enc. en un vol. facticio |
| 942 ## - ELEMENTOS DE ENTRADA SECUNDARIOS (KOHA) | |
| Fuente del sistema de clasificación o colocación | Clasificación decimal universal |
| Tipo de ítem Koha | Folleto |
| Suprimir en OPAC | No |
| Estatus retirado | Estado de pérdida | Fuente del sistema de clasificación o colocación | Estado de daño | No para préstamo | Colección | Biblioteca de origen | Biblioteca actual | Ubicación en estantería | Fecha de adquisición | Fuente de adquisición | Total de préstamos | Signatura topográfica completa | Código de barras | Visto por última vez | Tipo de ítem Koha |
|---|---|---|---|---|---|---|---|---|---|---|---|---|---|---|---|
| Clasificación decimal universal | Colección de folletos | Biblioteca del Ateneo de Madrid | Biblioteca del Ateneo de Madrid | Depósito folletos | 17/01/2008 | Donación | T-1296-F-3 | 1170183 | 23/02/2023 | Folleto |
